000 00556nam a2200169 4500
001 143458
003 ES-MaACL
007 t|
008 070214s1984 fr r ||||1| fre d
020 _a2-86781-009-4
100 1 _aSentaurens, Jean.
_9105478
245 1 0 _aSeville et le théâtre
_b: de la fin du Moyen Age a la fin du XVII siècle /
_cJean Sentaurens.
260 _aLille :
_bAtelier National de Reproductions des Thèses,
_c1984.
300 _a2 v. ;
_c24 cm.
852 _aES-MaACL
_jL-9045-6
_bR.111054
852 _aES-MaACL
_jL-8789-90
_bR.110381
999 _c143458
_d143458